书目信息 |
| 题名: |
从存在到演化
|
|
| 作者: | 普里戈金 著 ;沈小峰 译 | |
| 分册: | ||
| 出版信息: | 北京 北京大学出版社 2007.04 |
|
| 页数: | 226页 | |
| 开本: | 26cm | |
| 丛书名: | 科学元典丛书 | |
| 单 册: | ||
| 中图分类: | O414.22 | |
| 科图分类: | ||
| 主题词: | 耗散结构--hao san jie gou--非平衡统计理论 | |
| 电子资源: | ||
| ISBN: | 978-7-301-09566-9 | |
| 000 | 01007nam 2200253 450 | |
| 001 | 012007324205 | |
| 005 | 20070926155457.48 | |
| 010 | @a978-7-301-09566-9@b软精装@dCNY32.00 | |
| 100 | @a20070724d2007 km y0chiy0120 ea | |
| 101 | 1 | @achi@ceng |
| 102 | @aCN@b110000 | |
| 105 | @aa z 000yy | |
| 200 | 1 | @a从存在到演化@Acong cun zai dao yan hua@f普里戈金著@Fpu li ge jin zhu@g沈小峰等译@Gshen xiao feng deng yi |
| 210 | @a北京@c北京大学出版社@d2007.04 | |
| 215 | @a226页@c图@d26cm | |
| 225 | 2 | @a科学元典丛书@Ake xue yuan dian cong shu@i科学素养文库 |
| 330 | @a本书描述了时间演化的历史。近来科学的发展,可能会使科学观点更好地结合在西方文化的框架之中。姑且不谈科学的全部成就,科学的发展无疑地导致了某种形式的文化压力。 | |
| 410 | 0 | @12001 @a科学元典丛书@i科学素养文库 |
| 606 | 0 | @a耗散结构@Ahao san jie gou@x非平衡统计理论 |
| 690 | @aO414.22@v4 | |
| 701 | 1 | @a普里戈金@Apu li ge jin@g(Prigogine, I.)@4著 |
| 702 | 0 | @a沈小峰@Ashen xiao feng@4译 |
| 801 | 0 | @aCN@c20070926 |
| 905 | @dO414.22@eP901 | |
| 从存在到演化/普里戈金著/沈小峰等译.-北京:北京大学出版社,2007.04 |
| 226页:图;26cm.-(科学元典丛书.科学素养文库) |
| ISBN 978-7-301-09566-9(软精装):CNY32.00 |
| 本书描述了时间演化的历史。近来科学的发展,可能会使科学观点更好地结合在西方文化的框架之中。姑且不谈科学的全部成就,科学的发展无疑地导致了某种形式的文化压力。 |
| ● |
| 相关链接 |
|
|
|
正题名:从存在到演化
索取号:O414.22/P901
 
预约/预借
| 序号 | 登录号 | 条形码 | 馆藏地/架位号 | 状态 | 备注 |
| 1 | 247060 | 202470600 | 自科库401/401自科库 87排2列4层/ [索取号:O414.22/P901] | 在馆 | |
| 2 | 247061 | 202470619 | 自科库401/401自科库 87排2列4层/ [索取号:O414.22/P901] | 在馆 |